Viac hviezdičiek za menej peňazí

Výstavba hotelov alebo výškových budov, ktorých časť slúži na hotelové priestory, v Bratislave. Ceny ubytovania vo vybraných bratislavských hoteloch. Zisky hotelov sú vysoké a lákajú ďalších hráčov. Kam až sa vyšplhajú ceny v hoteloch. Problematické rekonštrukcie starších hotelov. Hotely čakajú na t...

Description complète

Enregistré dans:
Détails bibliographiques
Auteur principal: Kremský, Peter
Format: Chapitre de livre
Langue:slovaque
Sujets:
Tags: Ajouter un tag
Pas de tags, Soyez le premier à ajouter un tag!

MARC

LEADER 00000naa$a2200000$$$4500
001 0052972
005 20231009072854.7
041 0 |a slo 
044 |a SK 
245 1 0 |a Viac hviezdičiek za menej peňazí  |c Peter Kremský 
520 |a Výstavba hotelov alebo výškových budov, ktorých časť slúži na hotelové priestory, v Bratislave. Ceny ubytovania vo vybraných bratislavských hoteloch. Zisky hotelov sú vysoké a lákajú ďalších hráčov. Kam až sa vyšplhajú ceny v hoteloch. Problematické rekonštrukcie starších hotelov. Hotely čakajú na typických turistov cestovateľov. 
610 2 0 |a hotely 
610 2 0 |a ubytovanie 
610 2 0 |a ceny 
610 2 0 |a výstavba investičná 
610 2 0 |a Bratislava 
100 1 |a Kremský, Peter